Optimalizácia základu dane a daňovej povinnosti u vybraného živnostníka diplomová práca

Enregistré dans:
Détails bibliographiques
Auteur principal: Sádovský, Miloš
Collectivité auteur: Národohospodárska fakulta EU. Katedra financií
Autres auteurs: Rabatinová, Marcela, 1977-
Format: Livre
Langue:slovaque
Publié: Bratislava 2025
Tags: Ajouter un tag
Pas de tags, Soyez le premier à ajouter un tag!

MARC

LEADER 00000nbm a2200000 4500
001 0309366
005 20251016131422.7
041 0 |a slo 
044 |a SK 
245 1 0 |a Optimalizácia základu dane a daňovej povinnosti u vybraného živnostníka  |b diplomová práca  |c Miloš Sádovský ; školiteľ: Marcela Rabatinová 
264 1 |a Bratislava  |c 2025 
300 |a 71 s. 
100 1 |a Sádovský, Miloš 
700 1 |a Rabatinová, Marcela, 1977- 
710 2 |a Národohospodárska fakulta EU. Katedra financií